000
00303nam a22001337a 4500
008
170824b xxu||||| |||| 00| 0 eng d
020
_a
9780558384425
041
_a
eng
080
_a
51
100
_a
38
101
_a
MAT
245
_a
EXCURSIONS IN MODERN MATHEMATICS
_c
TANNENBAUM,P
942
_2
udc
_c
BK
999
_c
24929
_d
24929